Crítica del programa de Gotha / (Record no. 100289)

MARC details
000 -LEADER
campo de control de longitud fija 00579nam a2200181 i 4500
001 - NÚMERO DE CONTROL
campo de control 100289
003 - IDENTIFICADOR DE NÚMERO DE CONTROL
campo de control ES-MaACL
005 - FECHA Y HORA DE LA ÚLTIMA TRANSACCIÓN
campo de control 20250331063058.0
007 - CAMPO FIJO DE DESCRIPCIÓN FÍSICA--INFORMACIÓN GENERAL
campo de control de longitud fija t|
008 - DATOS DE LONGITUD FIJA--INFORMACIÓN GENERAL
campo de control de longitud fija 050926s1968 sp ||||1| spa d
100 1# - ENTRADA PRINCIPAL--NOMBRE DE PERSONA
Nombre de persona Marx, Karl,
Fechas asociadas al nombre 1818-1883
9 (RLIN) 78590
245 10 - MENCIÓN DEL TÍTULO
Título Crítica del programa de Gotha /
Mención de responsabilidad, etc. Karl Marx; [versión española por el Instituto del Marxismo-Leninismo].
260 ## - PUBLICACIÓN, DISTRIBUCIÓN, ETC.
Lugar de publicación, distribución, etc. Madrid :
Nombre del editor, distribuidor, etc. Ricardo Aguilera,
Fecha de publicación, distribución, etc. 1968.
300 ## - DESCRIPCIÓN FÍSICA
Extensión 63 p. ;
Dimensiones 18 cm.
710 2# - ENTRADA AGREGADA--NOMBRE DE ENTIDAD CORPORATIVA
Nombre de entidad corporativa o nombre de jurisdicción como elemento de entrada Instituto del Marxismo-Leninismo.
9 (RLIN) 5017
852 ## - LOCALIZACIÓN
Ubicación ES-MaACL
Número de control de estantería C-37210
Sublocalización o colección R.68092
Holdings
Estatus retirado Estado de pérdida Estado de daño No para préstamo Biblioteca de origen Biblioteca actual Ubicación en estantería Fecha de adquisición Fuente de adquisición Total de préstamos Signatura topográfica completa Código de barras Visto por última vez Precio de reemplazo Tipo de ítem Koha
        Biblioteca del Ateneo de Madrid Biblioteca del Ateneo de Madrid Depósito 2 17/01/2008     C-37210 1104717 23/02/2023 23/02/2023 Libro impreso